Zklamán Bohem /

Hlavní autor: Yancey, Philip D., 1949-
Jazyk: Čeština
Vydáno: Praha : Návrat domů, c2002
Vydání: 1. vyd.
Témata:
Fyzický popis: 213 s. ; 21 cm
Knihy
Uloženo v:
LEADER 01269nam a2200397 a 4500
001 000636742
003 CZ BrMZK
005 20090810105825.0
007 ta
008 021118s2002 xr e f cze d
015 |a cnb001189119 
020 |a 80-7255-061-6 
035 |a (OCoLC)53274082 
040 |a BOA001  |c ze  |d BOA001 
041 1 |a cze  |h eng 
072 7 |a 27-1/-2  |x Křesťanská teologie. Dogmatická teologie  |2 Konspekt  |9 5 
080 |a 2-1  |2 MRF 
080 |a 27  |2 MRF 
080 |a 27-184  |2 MRF 
080 |a (0.062)  |2 MRF 
100 1 |a Yancey, Philip D.,  |d 1949-  |7 mzk2002156868  |4 aut 
245 1 0 |a Zklamán Bohem /  |c Philip Yancey ; [překlad Alena Švecová] 
250 |a 1. vyd. 
260 |a Praha :  |b Návrat domů,  |c c2002 
300 |a 213 s. ;  |c 21 cm 
504 |a Obsahuje bibliografii 
650 0 7 |a teodicea  |7 ph126540  |2 czenas 
650 0 7 |a křesťanská víra  |7 ph122113  |2 czenas 
650 0 7 |a Bůh a člověk  |7 ph116953  |2 czenas 
653 0 |a duchovní krize 
655 7 |a populárně-naučné publikace  |7 fd131864  |2 czenas 
765 0 |t Disappointment with God  |9 Česky 
910 |a BOA001  |b 2-1110.085 
990 |a BK 
922 |a úvahy 
996 6 |b 2610176007  |c 2-1110.085  |l MZK  |r Sklad / do 1 hodiny  |n 1  |p p.v.  |w 000636742  |u 000010  |a 1  |e BOA001  |j MZK50  |s P